[Event "Summer Prague Open 2021 - A"]
[Site "?"]
[Date "2021.08.11"]
[Round "7.5"]
[White "Mueer, Sebastian"]
[Black "Gloser, David"]
[Result "1/2-1/2"]
[BlackElo "2164"]
[WhiteElo "2246"]
[LiveChessVersion "1.4.8"]

1. d4 {[%clk 1:18:48]} d5 {[%clk 1:30:48]} 2. Bf4 {[%clk 1:19:02]} c5
{[%clk 1:31:06]} 3. e3 {[%clk 1:19:24]} Nc6 {[%clk 1:31:27]} 4. Nf3
{[%clk 1:19:48]} Nf6 {[%clk 1:31:08]} 5. Nbd2 {[%clk 1:20:02]} cxd4
{[%clk 1:30:33]} 6. exd4 {[%clk 1:20:24]} Bg4 {[%clk 1:29:54]} 7. c3
{[%clk 1:18:58]} e6 {[%clk 1:26:47]} 8. Qb3 {[%clk 1:19:08]} Qc8 {[%clk 1:25:09]}
9. Bd3 {[%clk 1:17:02]} Be7 {[%clk 1:23:49]} 10. O-O {[%clk 1:16:38]} O-O
{[%clk 1:22:51]} 11. Rae1 {[%clk 1:16:40]} Bh5 {[%clk 1:21:38]} 12. Ne5
{[%clk 1:15:41]} Nxe5 {[%clk 1:17:07]} 13. Bxe5 {[%clk 1:09:18]} Bg6
{[%clk 1:13:01]} 14. Bxg6 {[%clk 1:09:31]} hxg6 {[%clk 1:12:45]} 15. Qd1
{[%clk 0:55:27]} b5 {[%clk 1:08:04]} 16. Re3 {[%clk 0:54:29]} Qb7
{[%clk 1:00:28]} 17. Qf3 {[%clk 0:53:46]} Rac8 {[%clk 0:52:50]} 18. Rfe1
{[%clk 0:51:07]} a5 {[%clk 0:49:35]} 19. g4 {[%clk 0:51:16]} b4 {[%clk 0:46:23]}
20. Qf4 {[%clk 0:22:24]} bxc3 {[%clk 0:38:12]} 21. bxc3 {[%clk 0:22:36]} Qb2
{[%clk 0:37:43]} 22. Rh3 {[%clk 0:22:56]} Rxc3 {[%clk 0:35:27]} 23. Nf3
{[%clk 0:23:24]} Rfc8 {[%clk 0:29:15]} 24. Bxf6 {[%clk 0:23:05]} Bxf6
{[%clk 0:29:00]} 25. g5 {[%clk 0:22:16]} Be7 {[%clk 0:26:26]} 26. Qh4
{[%clk 0:17:32]} f6 {[%clk 0:26:51]} 27. gxf6 {[%clk 0:14:49]} Bxf6
{[%clk 0:26:25]} 28. Qg4 {[%clk 0:15:18]} R3c6 {[%clk 0:22:39]} 29. Rxe6
{[%clk 0:12:15]} Qb1+ {[%clk 0:22:40]} 30. Re1 {[%clk 0:11:44]} Qf5
{[%clk 0:22:44]} 31. Qxf5 {[%clk 0:08:44]} gxf5 {[%clk 0:23:09]} 32. Ne5
{[%clk 0:08:54]} Rc3 {[%clk 0:20:24]} 33. Ree3 {[%clk 0:01:56]} Rxe3
{[%clk 0:18:53]} 34. Rxe3 {[%clk 0:02:25]} Rc1+ {[%clk 0:14:03]} 1/2-1/2

[Event "Summer Prague Open 2021 - A"]
[Site "?"]
[Date "2021.08.11"]
[Round "7.6"]
[White "Jurcik, Marian"]
[Black "Shehzad, Shazil"]
[Result "1-0"]
[BlackElo "2196"]
[WhiteElo "2419"]
[LiveChessVersion "1.4.8"]

1. e4 {[%clk 1:25:34]} c5 {[%clk 1:30:47]} 2. Nc3 {[%clk 1:24:56]} d6
{[%clk 1:29:56]} 3. Nge2 {[%clk 1:25:03]} Nf6 {[%clk 1:29:55]} 4. g3
{[%clk 1:25:07]} g6 {[%clk 1:27:10]} 5. Bg2 {[%clk 1:24:57]} Nc6 {[%clk 1:27:22]}
6. O-O {[%clk 1:24:41]} Bg7 {[%clk 1:27:13]} 7. d3 {[%clk 1:25:03]} O-O
{[%clk 1:27:36]} 8. Bg5 {[%clk 1:25:28]} h6 {[%clk 1:26:52]} 9. Be3
{[%clk 1:25:47]} Rb8 {[%clk 1:27:05]} 10. h3 {[%clk 1:26:01]} b5 {[%clk 1:27:02]}
11. Qd2 {[%clk 1:26:23]} Kh7 {[%clk 1:26:56]} 12. f4 {[%clk 1:25:36]} b4
{[%clk 1:27:05]} 13. Nd1 {[%clk 1:25:58]} Nd7 {[%clk 1:27:32]} 14. g4
{[%clk 1:24:40]} Nd4 {[%clk 1:27:14]} 15. Nxd4 {[%clk 1:13:10]} cxd4
{[%clk 1:27:36]} 16. Bf2 {[%clk 1:13:35]} e5 {[%clk 1:27:39]} 17. f5
{[%clk 1:08:43]} gxf5 {[%clk 1:26:31]} 18. exf5 {[%clk 1:07:37]} Bf6
{[%clk 1:26:34]} 19. b3 {[%clk 1:04:53]} Bb7 {[%clk 1:26:19]} 20. Bxb7
{[%clk 1:04:20]} Rxb7 {[%clk 1:26:35]} 21. a3 {[%clk 1:04:07]} a5
{[%clk 1:21:57]} 22. axb4 {[%clk 1:04:16]} axb4 {[%clk 1:21:59]} 23. Bg3
{[%clk 1:00:23]} d5 {[%clk 1:17:58]} 24. Qg2 {[%clk 1:00:00]} Rc7
{[%clk 1:10:44]} 25. Qxd5 {[%clk 0:58:10]} Rxc2 {[%clk 0:53:48]} 26. Ra7
{[%clk 0:57:22]} Rc7 {[%clk 0:53:41]} 27. Rxc7 {[%clk 0:56:45]} Qxc7
{[%clk 0:53:50]} 28. Nf2 {[%clk 0:56:01]} Nb6 {[%clk 0:53:45]} 29. Qb5
{[%clk 0:53:56]} Bg7 {[%clk 0:49:13]} 30. Ne4 {[%clk 0:51:00]} f6
{[%clk 0:48:08]} 31. Be1 {[%clk 0:45:43]} Rb8 {[%clk 0:41:11]} 32. Bxb4
{[%clk 0:41:54]} Nd7 {[%clk 0:39:42]} 33. Qa4 {[%clk 0:41:01]} Nb6
{[%clk 0:36:17]} 34. Qa5 {[%clk 0:37:25]} Ra8 {[%clk 0:33:46]} 35. Qb5
{[%clk 0:37:01]} Ra2 {[%clk 0:33:23]} 36. Bd2 {[%clk 0:36:48]} Nc8
{[%clk 0:31:57]} 37. Rc1 {[%clk 0:34:24]} Rc2 {[%clk 0:30:53]} 38. Rxc2
{[%clk 0:31:21]} Qxc2 {[%clk 0:31:18]} 39. Qd7 {[%clk 0:30:13]} Kh8
{[%clk 0:27:58]} 40. Qe8+ {[%clk 0:23:52]} Kh7 {[%clk 0:28:27]} 41. Nxf6+
{[%clk 0:17:49]} Bxf6 {[%clk 0:28:50]} 42. Qg6+ {[%clk 0:18:14]} Kh8
{[%clk 0:29:18]} 43. Qxf6+ {[%clk 0:18:35]} Kh7 {[%clk 0:28:27]} 44. Qxh6+
{[%clk 0:16:29]} Kg8 {[%clk 0:28:53]} 45. Qg5+ {[%clk 0:16:19]} Kf7
{[%clk 0:29:02]} 46. Qg6+ {[%clk 0:16:41]} Ke7 {[%clk 0:28:41]} 47. Qe6+
{[%clk 0:16:51]} 1-0

[Event "Summer Prague Open 2021 - A"]
[Site "?"]
[Date "2021.08.11"]
[Round "7.8"]
[White "Nytra, Ondrej"]
[Black "Nemec, Pavel"]
[Result "0-1"]
[BlackElo "2213"]
[WhiteElo "2171"]
[LiveChessVersion "1.4.8"]

1. e4 {[%clk 1:30:56]} c5 {[%clk 1:30:53]} 2. Nf3 {[%clk 1:31:22]} d6
{[%clk 1:31:16]} 3. d4 {[%clk 1:31:49]} cxd4 {[%clk 1:31:37]} 4. Nxd4
{[%clk 1:32:16]} Nf6 {[%clk 1:31:58]} 5. Nc3 {[%clk 1:32:42]} a6 {[%clk 1:32:20]}
6. Be2 {[%clk 1:33:09]} e5 {[%clk 1:32:37]} 7. Nb3 {[%clk 1:33:37]} Be7
{[%clk 1:32:52]} 8. O-O {[%clk 1:34:03]} Be6 {[%clk 1:32:48]} 9. f4
{[%clk 1:34:29]} Qc7 {[%clk 1:33:00]} 10. f5 {[%clk 1:34:56]} Bc4
{[%clk 1:33:15]} 11. a4 {[%clk 1:35:22]} Nbd7 {[%clk 1:30:29]} 12. a5
{[%clk 1:35:44]} O-O {[%clk 1:28:12]} 13. Bxc4 {[%clk 1:36:11]} Qxc4
{[%clk 1:28:29]} 14. Qf3 {[%clk 1:36:39]} b5 {[%clk 1:23:34]} 15. axb6
{[%clk 1:36:09]} Nxb6 {[%clk 1:24:01]} 16. Be3 {[%clk 1:36:23]} Qc7
{[%clk 1:23:41]} 17. g4 {[%clk 1:34:20]} h6 {[%clk 1:21:55]} 18. g5
{[%clk 1:31:30]} hxg5 {[%clk 1:22:16]} 19. Bxg5 {[%clk 1:31:56]} a5
{[%clk 1:13:17]} 20. Kh1 {[%clk 1:14:41]} a4 {[%clk 1:08:39]} 21. Nd2
{[%clk 1:15:02]} a3 {[%clk 1:07:22]} 22. bxa3 {[%clk 1:14:51]} Rfc8
{[%clk 1:07:27]} 23. Bxf6 {[%clk 1:14:57]} Bxf6 {[%clk 1:07:54]} 24. Nd5
{[%clk 1:14:16]} Nxd5 {[%clk 1:06:20]} 25. exd5 {[%clk 1:14:42]} e4
{[%clk 1:06:19]} 26. Nxe4 {[%clk 1:15:10]} Bxa1 {[%clk 1:05:03]} 27. Rxa1
{[%clk 1:15:22]} f6 {[%clk 0:53:28]} 28. Rg1 {[%clk 1:10:49]} Qe7
{[%clk 0:52:59]} 29. Ng3 {[%clk 1:07:17]} Qe5 {[%clk 0:46:14]} 30. Nh5
{[%clk 1:07:42]} Ra7 {[%clk 0:46:16]} 31. Rg2 {[%clk 0:45:35]} Rc3
{[%clk 0:34:34]} 32. Qg4 {[%clk 0:44:21]} Re3 {[%clk 0:34:10]} 33. Rd2
{[%clk 0:42:21]} Qe4+ {[%clk 0:32:05]} 34. Qxe4 {[%clk 0:42:21]} Rxe4
{[%clk 0:32:05]} 35. Ng3 {[%clk 0:42:21]} Re1+ {[%clk 0:32:19]} 36. Kg2
{[%clk 0:41:05]} Rxa3 {[%clk 0:32:18]} 37. Ne2 {[%clk 0:40:57]} Raa1
{[%clk 0:23:38]} 38. c4 {[%clk 0:36:01]} Rad1 {[%clk 0:16:01]} 39. Rc2
{[%clk 0:36:18]} Kf7 {[%clk 0:11:41]} 40. Rb2 {[%clk 0:31:08]} Rb1
{[%clk 0:10:29]} 41. Ra2 {[%clk 0:31:36]} Ra1 {[%clk 0:10:47]} 42. Rb2
{[%clk 0:31:32]} Reb1 {[%clk 0:09:08]} 43. Rd2 {[%clk 0:30:00]} Rb4
{[%clk 0:01:56]} 44. Rd4 {[%clk 0:20:09]} Raa4 {[%clk 0:30:24]} 45. Re4
{[%clk 0:50:30]} Rxc4 {[%clk 0:30:37]} 46. Re6 {[%clk 0:50:59]} Re4
{[%clk 0:30:37]} 47. Nc3 {[%clk 0:50:22]} Rg4+ {[%clk 0:30:19]} 48. Kf3
{[%clk 0:49:00]} Raf4+ {[%clk 0:27:25]} 49. Ke3 {[%clk 0:49:25]} Rxf5
{[%clk 0:27:27]} 50. Rxd6 {[%clk 0:49:51]} Rh5 {[%clk 0:25:26]} 51. Kf3
{[%clk 0:46:07]} Rc4 {[%clk 0:25:04]} 52. Ne2 {[%clk 0:46:06]} Rxh2
{[%clk 0:18:18]} 53. Rd7+ {[%clk 0:44:08]} Kg6 {[%clk 0:16:22]} 54. d6
{[%clk 0:42:42]} Rh3+ {[%clk 0:16:32]} 55. Kf2 {[%clk 0:43:01]} Rc2
{[%clk 0:13:14]} 56. Re7 {[%clk 0:43:26]} Rh2+ {[%clk 0:13:15]} 57. Kf3
{[%clk 0:43:36]} Rhxe2 {[%clk 0:13:26]} 58. d7 {[%clk 0:43:20]} Red2
{[%clk 0:13:42]} 0-1

[Event "Summer Prague Open 2021 - A"]
[Site "?"]
[Date "2021.08.11"]
[Round "7.9"]
[White "Vorisek, Jakub"]
[Black "Gnojek, Petr"]
[Result "0-1"]
[BlackElo "2205"]
[WhiteElo "2151"]
[LiveChessVersion "1.4.8"]

1. e4 {[%clk 1:30:47]} c5 {[%clk 1:30:50]} 2. Nf3 {[%clk 1:30:37]} e6
{[%clk 1:30:37]} 3. d4 {[%clk 1:30:46]} cxd4 {[%clk 1:31:00]} 4. Nxd4
{[%clk 1:30:57]} Nf6 {[%clk 1:31:18]} 5. Nc3 {[%clk 1:31:08]} d6 {[%clk 1:31:40]}
6. a3 {[%clk 1:30:54]} Be7 {[%clk 1:29:51]} 7. Bc4 {[%clk 1:30:26]} O-O
{[%clk 1:29:24]} 8. Ba2 {[%clk 1:30:24]} Na6 {[%clk 1:18:03]} 9. O-O
{[%clk 1:27:58]} Nc5 {[%clk 1:17:12]} 10. Re1 {[%clk 1:22:35]} a5
{[%clk 1:13:05]} 11. b4 {[%clk 1:07:57]} axb4 {[%clk 1:13:16]} 12. axb4
{[%clk 1:08:15]} Na6 {[%clk 1:09:13]} 13. b5 {[%clk 1:00:54]} Nb4
{[%clk 1:05:39]} 14. Bb2 {[%clk 0:54:54]} Nxa2 {[%clk 1:03:34]} 15. Nxa2
{[%clk 0:52:50]} e5 {[%clk 1:00:33]} 16. Nb3 {[%clk 0:50:58]} Be6
{[%clk 0:59:50]} 17. Nc3 {[%clk 0:50:28]} Qb6 {[%clk 0:55:59]} 18. Qe2
{[%clk 0:49:13]} Rac8 {[%clk 0:50:20]} 19. Ra4 {[%clk 0:42:14]} Rc7
{[%clk 0:40:45]} 20. Qe3 {[%clk 0:34:51]} Nd7 {[%clk 0:37:21]} 21. Qxb6
{[%clk 0:29:08]} Nxb6 {[%clk 0:37:44]} 22. Ra7 {[%clk 0:27:47]} d5
{[%clk 0:27:42]} 23. exd5 {[%clk 0:14:39]} Nxd5 {[%clk 0:28:06]} 24. Nxd5
{[%clk 0:14:06]} Bxd5 {[%clk 0:28:32]} 25. Re2 {[%clk 0:14:00]} f6
{[%clk 0:25:26]} 26. Rd2 {[%clk 0:13:39]} Rd8 {[%clk 0:23:04]} 27. Ba3
{[%clk 0:13:20]} Bxb3 {[%clk 0:18:37]} 28. Rxd8+ {[%clk 0:12:55]} Bxd8
{[%clk 0:19:04]} 29. cxb3 {[%clk 0:13:17]} Be7 {[%clk 0:19:22]} 30. Kf1
{[%clk 0:11:55]} Bxa3 {[%clk 0:19:47]} 31. Rxa3 {[%clk 0:12:20]} Rc5
{[%clk 0:20:11]} 32. Ke2 {[%clk 0:12:32]} Rxb5 {[%clk 0:18:42]} 33. Kd3
{[%clk 0:12:44]} Rd5+ {[%clk 0:18:33]} 34. Kc3 {[%clk 0:09:04]} Kf7
{[%clk 0:18:32]} 35. Ra7 {[%clk 0:09:15]} Rd7 {[%clk 0:18:51]} 36. Kb4
{[%clk 0:08:07]} Ke6 {[%clk 0:16:55]} 37. Kc5 {[%clk 0:06:49]} e4
{[%clk 0:17:20]} 38. Ra2 {[%clk 0:03:15]} f5 {[%clk 0:16:54]} 39. b4
{[%clk 0:03:09]} f4 {[%clk 0:16:49]} 40. g3 {[%clk 0:01:47]} g5 {[%clk 0:17:00]}
41. gxf4 {[%clk 0:22:07]} gxf4 {[%clk 0:47:26]} 42. Kc4 {[%clk 0:21:45]} Kf5
{[%clk 0:47:31]} 43. Ra8 {[%clk 0:18:53]} Kg4 {[%clk 0:47:43]} 44. Ra3
{[%clk 0:17:00]} f3 {[%clk 0:47:11]} 45. Ra8 {[%clk 0:16:37]} Kh3
{[%clk 0:47:26]} 0-1

[Event "Summer Prague Open 2021 - A"]
[Site "?"]
[Date "2021.08.11"]
[Round "7.10"]
[White "Neuman, Petr"]
[Black "Jedlicka, Ales"]
[Result "1/2-1/2"]
[BlackElo "2209"]
[WhiteElo "2402"]
[LiveChessVersion "1.4.8"]

1. e4 {[%clk 1:24:57]} c5 {[%clk 1:30:42]} 2. Nf3 {[%clk 1:25:19]} Nc6
{[%clk 1:30:18]} 3. Nc3 {[%clk 1:25:06]} e6 {[%clk 1:28:56]} 4. d4
{[%clk 1:25:04]} cxd4 {[%clk 1:29:17]} 5. Nxd4 {[%clk 1:25:29]} Qc7
{[%clk 1:29:14]} 6. Be3 {[%clk 1:25:37]} a6 {[%clk 1:29:30]} 7. g4
{[%clk 1:24:31]} b5 {[%clk 1:29:27]} 8. Nxc6 {[%clk 1:23:20]} dxc6
{[%clk 1:28:59]} 9. f4 {[%clk 1:11:53]} Bb7 {[%clk 1:28:47]} 10. Qf3
{[%clk 1:11:06]} Nf6 {[%clk 1:21:57]} 11. g5 {[%clk 1:07:47]} Nd7
{[%clk 1:22:15]} 12. h4 {[%clk 1:04:38]} c5 {[%clk 1:19:32]} 13. Bg2
{[%clk 1:03:15]} c4 {[%clk 1:18:39]} 14. Ne2 {[%clk 1:03:14]} Nc5
{[%clk 1:11:34]} 15. Ng3 {[%clk 1:03:28]} O-O-O {[%clk 1:08:34]} 16. O-O
{[%clk 1:03:02]} f5 {[%clk 1:08:07]} 17. Qf2 {[%clk 1:01:44]} fxe4
{[%clk 0:57:52]} 18. b3 {[%clk 1:00:20]} Bd5 {[%clk 0:56:58]} 19. a4
{[%clk 1:00:00]} b4 {[%clk 0:43:55]} 20. bxc4 {[%clk 0:58:24]} Bxc4
{[%clk 0:44:03]} 21. Rfb1 {[%clk 0:56:18]} a5 {[%clk 0:41:40]} 22. Nxe4
{[%clk 0:55:54]} Nxe4 {[%clk 0:41:16]} 23. Bxe4 {[%clk 0:56:13]} Bd5
{[%clk 0:39:06]} 24. Bxd5 {[%clk 0:54:07]} Rxd5 {[%clk 0:39:08]} 25. Rd1
{[%clk 0:53:59]} Bc5 {[%clk 0:37:47]} 26. Rxd5 {[%clk 0:53:00]} Bxe3
{[%clk 0:38:04]} 27. Qxe3 {[%clk 0:53:24]} exd5 {[%clk 0:38:04]} 28. Rd1
{[%clk 0:49:45]} Rd8 {[%clk 0:35:25]} 29. Qe6+ {[%clk 0:45:32]} Kb8
{[%clk 0:29:46]} 30. Rxd5 {[%clk 0:43:37]} Rxd5 {[%clk 0:30:04]} 31. Qxd5
{[%clk 0:43:55]} 1/2-1/2

[Event "Summer Prague Open 2021 - A"]
[Site "?"]
[Date "2021.08.11"]
[Round "7.11"]
[White "Nemec, Jachym"]
[Black "Sorm, Daniel"]
[Result "1/2-1/2"]
[BlackElo "2350"]
[WhiteElo "2191"]
[LiveChessVersion "1.4.8"]

1. d4 {[%clk 1:30:56]} f5 {[%clk 1:30:33]} 2. Nc3 {[%clk 1:31:23]} Nf6
{[%clk 1:29:17]} 3. Bg5 {[%clk 1:31:30]} d5 {[%clk 1:28:59]} 4. Bxf6
{[%clk 1:31:50]} exf6 {[%clk 1:29:18]} 5. e3 {[%clk 1:32:16]} Be6
{[%clk 1:29:11]} 6. Bd3 {[%clk 1:32:41]} Nc6 {[%clk 1:26:17]} 7. Nge2
{[%clk 1:33:06]} Bd6 {[%clk 1:21:41]} 8. a3 {[%clk 1:32:56]} Ne7 {[%clk 1:17:24]}
9. Qd2 {[%clk 1:20:36]} c6 {[%clk 1:16:36]} 10. Na4 {[%clk 1:20:26]} Qc7
{[%clk 1:12:35]} 11. Nc5 {[%clk 1:19:47]} Bf7 {[%clk 1:12:21]} 12. b4
{[%clk 1:19:15]} O-O {[%clk 1:04:38]} 13. h3 {[%clk 1:19:21]} a5 {[%clk 1:02:52]}
14. O-O {[%clk 1:10:28]} b6 {[%clk 0:50:13]} 15. Nb3 {[%clk 1:02:52]} a4
{[%clk 0:46:05]} 16. Nbc1 {[%clk 1:03:18]} b5 {[%clk 0:44:30]} 17. c3
{[%clk 1:02:27]} g5 {[%clk 0:42:56]} 18. Bc2 {[%clk 0:52:44]} f4 {[%clk 0:40:32]}
19. Nd3 {[%clk 0:48:13]} f3 {[%clk 0:35:47]} 20. Ng3 {[%clk 0:47:33]} Ng6
{[%clk 0:29:51]} 21. Ne1 {[%clk 0:38:12]} Nh4 {[%clk 0:15:08]} 22. Nxf3
{[%clk 0:37:19]} Nxf3+ {[%clk 0:15:25]} 23. gxf3 {[%clk 0:37:42]} Bxg3
{[%clk 0:15:48]} 24. fxg3 {[%clk 0:38:08]} Qxg3+ {[%clk 0:16:11]} 25. Qg2
{[%clk 0:38:34]} Qxg2+ {[%clk 0:15:09]} 26. Kxg2 {[%clk 0:38:57]} Rae8
{[%clk 0:15:34]} 27. Kf2 {[%clk 0:38:20]} Re7 {[%clk 0:13:43]} 28. Rae1
{[%clk 0:37:39]} Rfe8 {[%clk 0:13:34]} 29. h4 {[%clk 0:37:23]} h6
{[%clk 0:12:00]} 30. Rg1 {[%clk 0:35:47]} Kg7 {[%clk 0:11:27]} 31. f4
{[%clk 0:33:40]} Bg6 {[%clk 0:11:43]} 32. Bd1 {[%clk 0:33:44]} Rf8
{[%clk 0:09:38]} 33. Bf3 {[%clk 0:33:26]} 1/2-1/2

[Event "Summer Prague Open 2021 - A"]
[Site "?"]
[Date "2021.08.11"]
[Round "7.12"]
[White "Mica, Marek"]
[Black "Glavan, Slavenko"]
[Result "1/2-1/2"]
[BlackElo "2182"]
[WhiteElo "2316"]
[LiveChessVersion "1.4.8"]

1. d4 {[%clk 1:30:57]} Nf6 {[%clk 1:27:24]} 2. c4 {[%clk 1:31:12]} e5
{[%clk 1:27:49]} 3. dxe5 {[%clk 1:31:21]} Ng4 {[%clk 1:28:17]} 4. Bf4
{[%clk 1:31:23]} Nc6 {[%clk 1:28:41]} 5. Nf3 {[%clk 1:31:42]} Bb4+
{[%clk 1:29:05]} 6. Nbd2 {[%clk 1:31:43]} Qe7 {[%clk 1:29:28]} 7. a3
{[%clk 1:32:02]} Ngxe5 {[%clk 1:29:48]} 8. Nxe5 {[%clk 1:32:13]} Nxe5
{[%clk 1:30:07]} 9. e3 {[%clk 1:32:21]} Bxd2+ {[%clk 1:30:20]} 10. Qxd2
{[%clk 1:32:41]} d6 {[%clk 1:30:49]} 11. Be2 {[%clk 1:32:53]} O-O
{[%clk 1:30:40]} 12. O-O {[%clk 1:33:10]} b6 {[%clk 1:27:56]} 13. Qc3
{[%clk 1:29:24]} a5 {[%clk 1:26:26]} 14. b4 {[%clk 1:15:59]} Bb7 {[%clk 1:22:53]}
15. c5 {[%clk 1:03:37]} Qf6 {[%clk 1:13:55]} 16. Rac1 {[%clk 0:58:32]} axb4
{[%clk 1:10:15]} 17. axb4 {[%clk 0:58:10]} Ra2 {[%clk 1:05:46]} 18. Bc4
{[%clk 0:39:26]} Qg6 {[%clk 1:02:48]} 19. c6 {[%clk 0:25:57]} Bxc6
{[%clk 1:01:55]} 20. Bg3 {[%clk 0:26:15]} Qe4 {[%clk 1:00:12]} 21. f3
{[%clk 0:26:43]} Qxc4 {[%clk 1:00:05]} 22. Qxc4 {[%clk 0:27:07]} Nxc4
{[%clk 0:59:43]} 23. Rxc4 {[%clk 0:27:34]} Bb5 {[%clk 1:00:03]} 24. Rxc7
{[%clk 0:28:01]} Bxf1 {[%clk 1:00:05]} 25. Kxf1 {[%clk 0:28:20]} Rd2
{[%clk 0:59:32]} 26. Be1 {[%clk 0:28:05]} Rb2 {[%clk 0:59:02]} 27. Rc6
{[%clk 0:21:24]} h6 {[%clk 0:59:03]} 28. Bc3 {[%clk 0:20:08]} Rc2
{[%clk 0:59:01]} 29. b5 {[%clk 0:20:32]} Ra8 {[%clk 0:59:08]} 30. Bd4
{[%clk 0:19:33]} Rxc6 {[%clk 0:59:28]} 31. bxc6 {[%clk 0:19:59]} Rc8
{[%clk 0:59:57]} 32. Bxb6 {[%clk 0:20:21]} Rxc6 {[%clk 1:00:25]} 33. Bd4
{[%clk 0:20:36]} Rc2 {[%clk 1:00:34]} 34. h4 {[%clk 0:20:56]} f6 {[%clk 1:00:10]}
35. Kg1 {[%clk 0:20:44]} Kf7 {[%clk 1:00:20]} 36. Kh2 {[%clk 0:20:56]} Ke6
{[%clk 1:00:31]} 37. Kh3 {[%clk 0:20:54]} h5 {[%clk 1:00:36]} 38. g4
{[%clk 0:19:49]} g6 {[%clk 1:00:56]} 39. Kg3 {[%clk 0:19:52]} hxg4
{[%clk 0:59:23]} 40. fxg4 {[%clk 0:19:06]} Rc1 {[%clk 0:58:01]} 41. Kg2
{[%clk 0:18:20]} f5 {[%clk 0:58:02]} 42. h5 {[%clk 0:17:47]} gxh5
{[%clk 0:57:43]} 43. gxh5 {[%clk 0:18:00]} Kf7 {[%clk 0:57:56]} 44. h6
{[%clk 0:17:12]} Kg6 {[%clk 0:57:50]} 45. Bg7 {[%clk 0:17:22]} Rc4
{[%clk 0:58:15]} 46. Kf3 {[%clk 0:16:04]} Rg4 {[%clk 0:57:57]} 47. Bf8
{[%clk 0:16:00]} d5 {[%clk 0:57:33]} 48. Bg7 {[%clk 0:15:49]} Re4
{[%clk 0:56:53]} 49. Kf2 {[%clk 0:11:27]} f4 {[%clk 0:54:04]} 50. exf4
{[%clk 0:09:12]} Rxf4+ {[%clk 0:54:33]} 51. Ke3 {[%clk 0:08:55]} Rh4
{[%clk 0:54:32]} 52. Kd3 {[%clk 0:08:15]} Kf7 {[%clk 0:54:14]} 53. Ke3
{[%clk 0:08:09]} Ke6 {[%clk 0:54:24]} 54. Kd3 {[%clk 0:08:09]} Kd6
{[%clk 0:53:20]} 55. Bf8+ {[%clk 0:07:19]} Kc6 {[%clk 0:53:27]} 56. Bg7
{[%clk 0:06:57]} Kd7 {[%clk 0:51:58]} 57. Ke3 {[%clk 0:06:55]} Ke7
{[%clk 0:52:07]} 58. Kd3 {[%clk 0:07:04]} Ke6 {[%clk 0:52:14]} 59. Ke3
{[%clk 0:07:01]} Re4+ {[%clk 0:51:23]} 60. Kd3 {[%clk 0:07:10]} Kf7
{[%clk 0:51:41]} 61. Bd4 {[%clk 0:06:38]} Rh4 {[%clk 0:51:35]} 62. Bg7
{[%clk 0:07:02]} Ke6 {[%clk 0:51:41]} 63. Ke3 {[%clk 0:07:04]} d4+
{[%clk 0:51:59]} 64. Bxd4 {[%clk 0:07:16]} Rxh6 {[%clk 0:52:28]} 65. Ke4
{[%clk 0:07:01]} Rh4+ {[%clk 0:52:55]} 66. Ke3 {[%clk 0:06:53]} Kd5
{[%clk 0:53:01]} 67. Bg7 {[%clk 0:06:15]} Re4+ {[%clk 0:53:06]} 68. Kf3
{[%clk 0:06:24]} Re7 {[%clk 0:53:25]} 69. Bh8 {[%clk 0:06:01]} Rh7
{[%clk 0:53:37]} 70. Ba1 {[%clk 0:05:39]} Ra7 {[%clk 0:53:46]} 71. Bh8
{[%clk 0:05:40]} Rf7+ {[%clk 0:53:45]} 72. Ke3 {[%clk 0:05:55]} Rf8
{[%clk 0:53:33]} 73. Ba1 {[%clk 0:05:42]} Kc4 {[%clk 0:53:58]} 74. Ke4
{[%clk 0:04:57]} Rf1 {[%clk 0:54:06]} 75. Bh8 {[%clk 0:04:37]} Re1+
{[%clk 0:54:27]} 76. Kf5 {[%clk 0:04:37]} Kd5 {[%clk 0:54:53]} 77. Kf4
{[%clk 0:04:54]} Rh1 {[%clk 0:55:01]} 78. Bb2 {[%clk 0:04:50]} Rh4+
{[%clk 0:55:15]} 79. Kf3 {[%clk 0:05:07]} Ke6 {[%clk 0:55:27]} 80. Ke3
{[%clk 0:05:02]} Rh2 {[%clk 0:55:44]} 81. Ba1 {[%clk 0:05:03]} Kf5
{[%clk 0:55:48]} 82. Kd3 {[%clk 0:05:03]} Kf4 {[%clk 0:56:03]} 83. Kc4
{[%clk 0:04:21]} Ke4 {[%clk 0:56:07]} 84. Kc5 {[%clk 0:02:43]} Rh5+
{[%clk 0:56:03]} 85. Kc6 {[%clk 0:02:31]} Ra5 {[%clk 0:56:04]} 86. Bh8
{[%clk 0:02:15]} Kd3 {[%clk 0:56:20]} 87. Kd6 {[%clk 0:02:18]} Ra8
{[%clk 0:56:24]} 88. Bg7 {[%clk 0:02:09]} Rc8 {[%clk 0:56:45]} 89. Ba1
{[%clk 0:02:12]} Ke4 {[%clk 0:57:06]} 90. Bg7 {[%clk 0:01:19]} Rd8+
{[%clk 0:57:17]} 91. Kc6 {[%clk 0:01:07]} Kf5 {[%clk 0:57:25]} 92. Kc5
{[%clk 0:01:07]} Rg8 {[%clk 0:57:21]} 93. Ba1 {[%clk 0:01:17]} Ke4
{[%clk 0:57:31]} 94. Kc6 {[%clk 0:01:15]} Rg6+ {[%clk 0:57:59]} 95. Kc5
{[%clk 0:01:31]} Rg1 {[%clk 0:58:21]} 96. Bh8 {[%clk 0:01:34]} Rh1
{[%clk 0:58:43]} 97. Bg7 {[%clk 0:01:27]} Rh5+ {[%clk 0:59:09]} 98. Kc6
{[%clk 0:01:19]} Kf5 {[%clk 0:59:37]} 99. Kd6 {[%clk 0:00:57]} Kg6
{[%clk 0:59:58]} 100. Ba1 {[%clk 0:01:03]} Kf7 {[%clk 1:00:27]} 101. Bb2
{[%clk 0:00:54]} Ra5 {[%clk 1:00:50]} 102. Bh8 {[%clk 0:00:36]} Kg6
{[%clk 1:01:13]} 103. Ke6 {[%clk 0:00:41]} Rh5 {[%clk 1:01:26]} 104. Ba1
{[%clk 0:00:49]} Rh1 {[%clk 1:01:53]} 105. Bc3 {[%clk 0:00:53]} Rh3
{[%clk 1:02:18]} 106. Ba1 {[%clk 0:00:41]} Re3+ {[%clk 1:02:45]} 107. Kd6
{[%clk 0:00:49]} Kf5 {[%clk 1:03:13]} 108. Bh8 {[%clk 0:00:54]} Re6+
{[%clk 1:03:34]} 109. Kd5 {[%clk 0:00:45]} Re8 {[%clk 1:03:59]} 110. Ba1
{[%clk 0:00:55]} Ra8 {[%clk 1:04:27]} 111. Bb2 {[%clk 0:00:57]} Rd8+
{[%clk 1:04:55]} 112. Kc5 {[%clk 0:01:02]} Ke4 {[%clk 1:05:20]} 113. Kc6
{[%clk 0:01:21]} Rb8 {[%clk 1:05:28]} 114. Ba1 {[%clk 0:01:31]} Rb1
{[%clk 1:05:55]} 115. Bh8 {[%clk 0:01:39]} Rc1+ {[%clk 1:06:20]} 116. Kd6
{[%clk 0:01:47]} Rh1 {[%clk 1:06:42]} 117. Bb2 {[%clk 0:01:38]} Rh2
{[%clk 1:07:08]} 1/2-1/2

[Event "Summer Prague Open 2021 - A"]
[Site "?"]
[Date "2021.08.11"]
[Round "7.13"]
[White "Taborsky, Rostislav"]
[Black "Mladek, Richard"]
[Result "0-1"]
[BlackElo "2315"]
[WhiteElo "2090"]
[LiveChessVersion "1.4.8"]

1. d4 {[%clk 1:25:43]} d5 {[%clk 1:30:53]} 2. c4 {[%clk 1:26:08]} e6
{[%clk 1:31:18]} 3. Nf3 {[%clk 1:26:05]} Nf6 {[%clk 1:31:39]} 4. Nc3
{[%clk 1:25:51]} Be7 {[%clk 1:32:02]} 5. Bf4 {[%clk 1:26:14]} O-O
{[%clk 1:32:14]} 6. e3 {[%clk 1:26:24]} b6 {[%clk 1:29:27]} 7. Rc1
{[%clk 1:24:33]} c5 {[%clk 1:26:10]} 8. Be2 {[%clk 1:12:13]} dxc4
{[%clk 1:24:02]} 9. dxc5 {[%clk 1:11:02]} Bxc5 {[%clk 1:22:46]} 10. O-O
{[%clk 0:55:26]} Nd5 {[%clk 1:16:50]} 11. Ne5 {[%clk 0:38:45]} Bb7
{[%clk 1:01:33]} 12. Bf3 {[%clk 0:26:44]} Nc6 {[%clk 0:54:50]} 13. Nxc4
{[%clk 0:15:37]} Nxf4 {[%clk 0:51:14]} 14. exf4 {[%clk 0:16:06]} Qc7
{[%clk 0:50:23]} 15. Ne5 {[%clk 0:13:50]} Rad8 {[%clk 0:47:11]} 16. Qe2
{[%clk 0:11:18]} Nd4 {[%clk 0:46:18]} 17. Qc4 {[%clk 0:07:56]} Bxf3
{[%clk 0:44:17]} 18. b4 {[%clk 0:05:17]} Bxg2 {[%clk 0:32:39]} 19. Kxg2
{[%clk 0:05:30]} Qb7+ {[%clk 0:33:08]} 20. f3 {[%clk 0:05:46]} Nf5
{[%clk 0:33:27]} 21. Qe4 {[%clk 0:03:10]} Rd2+ {[%clk 0:31:25]} 22. Kh1
{[%clk 0:02:13]} Qe7 {[%clk 0:31:54]} 0-1